Países que fazem fronteira com: Irã#24 - Statistics

Estatísticas Gerais
  • Esse quiz foi jogado 86 vezes
  • A pontuação média é 6 de 7
Estatísticas das Respostas
Resposta % Correto
Iraque
96%
Afeganistão
92%
Turcomenistão
85%
Paquistão
84%
Azerbaijão
79%
Armênia
68%
Turquia
68%
Nenhum quiz correspondente encontrado
Distribuição das Pontuações
Porcentagem de Pessoas com Cada Pontuação
Percentil de Números Respondidos
Sua Pontuação Histórica
Você não jogou esse quiz